00535cam a22001934a 45000010009000000050017000090080041000260100017000670200032000840400018001160410008001340420008001420800016001500820020001661000007001861010008001932450076002015040064002771181765420180115050106.0991022s2000 caua b 001 0 eng  a 99055791  a0534355854 (acidfree paper) aDLCcDLCdDLC aeng apcc a300.72 CHER00a300.72 CHER2211 a47 aEDU12aA research primer for the helping professions :cAndrew L. Cherry, Jr . aIncludes bibliographical references (p. 341-347) and index.